[Event "Hull 4NCL International"]
[Site "Hull"]
[Date "2021.10.23"]
[Round "3.6"]
[White "Okhai, Shabir"]
[Black "Kilshaw, Joe"]
[Result "1-0"]
[WhiteElo "2234"]
[BlackElo "2050"]
[PlyCount "0"]
[EventDate "2021.10.22"]

1. e4 {[%clk 01:30:09]} {[%emt 00:00:50]} c6 {[%clk 01:30:53]} {[%emt
00:00:07]} 2. d4 {[%clk 01:30:34]} {[%emt 00:00:05]} d5 {[%clk 01:31:18]}
{[%emt 00:00:05]} 3. e5 {[%clk 01:28:16]} {[%emt 00:02:49]} c5 {[%clk
01:31:35]} {[%emt 00:00:12]} 4. dxc5 {[%clk 01:28:41]} {[%emt 00:00:05]} e6
{[%clk 01:31:52]} {[%emt 00:00:12]} 5. a3 {[%clk 01:28:52]} {[%emt 00:00:20]}
Bxc5 {[%clk 01:27:54]} {[%emt 00:04:28]} 6. Qg4 {[%clk 01:27:22]} {[%emt
00:02:00]} Ne7 {[%clk 01:15:22]} {[%emt 00:13:01]} 7. Nf3 {[%clk 01:27:21]}
{[%emt 00:00:31]} Ng6 {[%clk 01:06:05]} {[%emt 00:09:48]} 8. h4 {[%clk
01:21:25]} {[%emt 00:06:26]} f5 {[%clk 00:46:50]} {[%emt 00:19:44]} 9. Qg3
{[%clk 01:14:12]} {[%emt 00:07:44]} O-O {[%clk 00:46:34]} {[%emt 00:00:44]} 10.
h5 {[%clk 01:12:34]} {[%emt 00:02:10]} Nh8 {[%clk 00:45:39]} {[%emt 00:01:23]}
11. Bh6 {[%clk 01:03:02]} {[%emt 00:10:03]} Qe7 {[%clk 00:42:02]} {[%emt
00:04:06]} 12. Nc3 {[%clk 01:01:36]} {[%emt 00:01:58]} a6 {[%clk 00:40:20]}
{[%emt 00:02:12]} 13. Bd3 {[%clk 00:59:56]} {[%emt 00:02:10]} b5 {[%clk
00:38:06]} {[%emt 00:02:43]} 14. Ne2 {[%clk 00:55:50]} {[%emt 00:04:37]} Nc6
{[%clk 00:32:12]} {[%emt 00:06:22]} 15. Bg5 {[%clk 00:47:54]} {[%emt 00:08:27]}
Qd7 {[%clk 00:22:28]} {[%emt 00:10:12]} 16. Bf6 {[%clk 00:41:46]} {[%emt
00:06:40]} Ba7 {[%clk 00:19:55]} {[%emt 00:03:03]} 17. h6 {[%clk 00:36:52]}
{[%emt 00:05:24]} Rxf6 {[%clk 00:19:12]} {[%emt 00:01:13]} 18. exf6 {[%clk
00:35:18]} {[%emt 00:02:05]} g6 {[%clk 00:18:55]} {[%emt 00:00:46]} 19. c3
{[%clk 00:32:05]} {[%emt 00:03:43]} Bb8 {[%clk 00:17:09]} {[%emt 00:02:16]} 20.
Qh4 {[%clk 00:31:41]} {[%emt 00:00:55]} e5 {[%clk 00:12:32]} {[%emt 00:05:06]}
21. Bb1 {[%clk 00:30:32]} {[%emt 00:01:39]} Nf7 {[%clk 00:09:33]} {[%emt
00:03:28]} 22. Ba2 {[%clk 00:29:51]} {[%emt 00:01:12]} e4 {[%clk 00:09:34]}
{[%emt 00:00:29]} 23. Ng5 {[%clk 00:26:35]} {[%emt 00:03:46]} Nce5 {[%clk
00:09:55]} {[%emt 00:00:09]} 24. Nf4 {[%clk 00:21:18]} {[%emt 00:05:48]} Nxg5
{[%clk 00:09:20]} {[%emt 00:01:04]} 25. Qxg5 {[%clk 00:15:10]} {[%emt
00:06:38]} Nf7 {[%clk 00:08:17]} {[%emt 00:01:34]} 26. Bxd5 {[%clk 00:15:27]}
{[%emt 00:00:13]} Qxd5 {[%clk 00:04:52]} {[%emt 00:03:55]} 27. Nxd5 {[%clk
00:15:50]} {[%emt 00:00:06]} Nxg5 {[%clk 00:05:10]} {[%emt 00:00:12]} 28. Ne7+
{[%clk 00:16:17]} {[%emt 00:00:03]} Kf7 {[%clk 00:05:24]} {[%emt 00:00:16]} 29.
Nxc8 {[%clk 00:16:34]} {[%emt 00:00:14]} e3 {[%clk 00:05:38]} {[%emt 00:00:16]}
30. Nb6 {[%clk 00:14:18]} {[%emt 00:02:46]} exf2+ {[%clk 00:05:58]} {[%emt
00:00:10]} 31. Ke2 {[%clk 00:13:45]} {[%emt 00:01:04]} Ra7 {[%clk 00:04:43]}
{[%emt 00:01:45]} 32. Kxf2 {[%clk 00:12:29]} {[%emt 00:01:46]} Ne4+ {[%clk
00:04:36]} {[%emt 00:00:37]} 33. Kf3 {[%clk 00:11:29]} {[%emt 00:01:30]} Nxf6
{[%clk 00:03:53]} {[%emt 00:01:13]} 34. Rad1 {[%clk 00:09:48]} {[%emt
00:02:11]} g5 {[%clk 00:03:49]} {[%emt 00:00:34]} 35. Rhe1 {[%clk 00:06:01]}
{[%emt 00:04:18]} Rb7 {[%clk 00:01:42]} {[%emt 00:02:37]} 36. Nd5 {[%clk
00:05:37]} {[%emt 00:00:54]} Ne4 {[%clk 00:01:56]} {[%emt 00:00:16]} 37. g4
{[%clk 00:04:49]} {[%emt 00:01:17]} Nd6 {[%clk 00:02:00]} {[%emt 00:00:27]} 38.
Ne3 {[%clk 00:04:22]} {[%emt 00:00:57]} f4 {[%clk 00:01:33]} {[%emt 00:00:57]}
39. Nf5 {[%clk 00:04:50]} {[%emt 00:00:01]} Nc4 {[%clk 00:01:42]} {[%emt
00:00:21]} 40. Rd5 {[%clk 00:04:02]} {[%emt 00:01:18]} Kf6 {[%clk 00:01:57]}
{[%emt 00:00:13]} 41. Re8 {[%clk 00:03:37]} {[%emt 00:00:57]} Ne5+ {[%clk
00:02:14]} {[%emt 00:00:13]} 42. Ke4 {[%clk 00:03:56]} {[%emt 00:00:10]} Nxg4
{[%clk 00:02:31]} {[%emt 00:00:13]} 43. Nd6 {[%clk 00:03:25]} {[%emt 00:01:02]}
Re7+ {[%clk 00:01:22]} {[%emt 00:01:39]} 44. Rxe7 {[%clk 00:03:39]} {[%emt
00:00:16]} Kxe7 {[%clk 00:01:51]} {[%emt 00:00:01]} 45. Rxg5 {[%clk 00:03:06]}
{[%emt 00:01:02]} Nf6+ {[%clk 00:02:08]} {[%emt 00:00:12]} 46. Kf5 {[%clk
00:03:21]} {[%emt 00:00:16]} f3 {[%clk 00:01:57]} {[%emt 00:00:41]} 47. Nc8+
{[%clk 00:03:33]} {[%emt 00:00:18]} Kd8 {[%clk 00:01:21]} {[%emt 00:01:06]} 48.
Kxf6 {[%clk 00:03:52]} {[%emt 00:00:11]} Bf4 {[%clk 00:01:26]} {[%emt
00:00:24]} 49. Rf5 {[%clk 00:04:10]} {[%emt 00:00:13]} Bxh6 {[%clk 00:01:43]}
{[%emt 00:00:13]} 50. Nd6 {[%clk 00:04:25]} {[%emt 00:00:14]} Bc1 {[%clk
00:02:06]} {[%emt 00:00:08]} 51. b3 {[%clk 00:04:13]} {[%emt 00:00:41]} Bxa3
{[%clk 00:02:25]} {[%emt 00:00:11]} 52. Ke6 {[%clk 00:04:37]} {[%emt 00:00:06]}
h5 {[%clk 00:01:27]} {[%emt 00:01:28]} 53. Rxf3 {[%clk 00:04:58]} {[%emt
00:00:10]}  1-0

[Event "Hull 4NCL International"]
[Site "Hull"]
[Date "2021.10.23"]
[Round "3.7"]
[White "Birtwistle, Nigel"]
[Black "Gillespie, David P"]
[Result "1-0"]
[WhiteElo "2194"]
[BlackElo "2003"]
[PlyCount "0"]
[EventDate "2021.10.22"]

1. e4 {[%clk 01:28:42]} {[%emt 00:02:17]} c6 {[%clk 01:30:49]} {[%emt
00:00:12]} 2. d4 {[%clk 01:28:52]} {[%emt 00:00:20]} d5 {[%clk 01:31:15]}
{[%emt 00:00:04]} 3. exd5 {[%clk 01:29:16]} {[%emt 00:00:07]} cxd5 {[%clk
01:31:36]} {[%emt 00:00:08]} 4. c4 {[%clk 01:29:43]} {[%emt 00:00:03]} Nf6
{[%clk 01:30:31]} {[%emt 00:01:34]} 5. Nc3 {[%clk 01:30:09]} {[%emt 00:00:05]}
Nc6 {[%clk 01:26:54]} {[%emt 00:04:07]} 6. Nf3 {[%clk 01:30:33]} {[%emt
00:00:06]} e6 {[%clk 01:27:17]} {[%emt 00:00:06]} 7. a3 {[%clk 01:29:55]}
{[%emt 00:01:08]} Be7 {[%clk 01:26:07]} {[%emt 00:01:38]} 8. Bd3 {[%clk
01:29:53]} {[%emt 00:00:34]} dxc4 {[%clk 01:23:23]} {[%emt 00:03:14]} 9. Bxc4
{[%clk 01:28:43]} {[%emt 00:01:40]} O-O {[%clk 01:22:54]} {[%emt 00:00:57]} 10.
O-O {[%clk 01:28:43]} {[%emt 00:00:32]} Bd7 {[%clk 01:19:10]} {[%emt 00:04:12]}
11. Qe2 {[%clk 01:27:48]} {[%emt 00:01:26]} Rc8 {[%clk 01:14:31]} {[%emt
00:05:09]} 12. Be3 {[%clk 01:25:14]} {[%emt 00:03:04]} Qc7 {[%clk 01:05:54]}
{[%emt 00:09:06]} 13. Ba2 {[%clk 01:22:35]} {[%emt 00:03:09]} Rfd8 {[%clk
01:05:04]} {[%emt 00:01:20]} 14. Rac1 {[%clk 01:21:41]} {[%emt 00:01:25]} Be8
{[%clk 01:04:32]} {[%emt 00:01:01]} 15. Rfd1 {[%clk 01:19:50]} {[%emt
00:02:21]} h6 {[%clk 00:58:42]} {[%emt 00:06:19]} 16. Bb1 {[%clk 01:12:44]}
{[%emt 00:07:37]} Bf8 {[%clk 00:58:47]} {[%emt 00:00:25]} 17. Qd3 {[%clk
01:10:39]} {[%emt 00:02:36]} g6 {[%clk 00:56:11]} {[%emt 00:03:05]} 18. Qd2
{[%clk 01:08:43]} {[%emt 00:02:27]} Kh7 {[%clk 00:47:48]} {[%emt 00:08:52]} 19.
h4 {[%clk 01:04:37]} {[%emt 00:04:36]} Qa5 {[%emt 00:08:24]} 20. Qe2 {[%clk
01:00:53]} {[%emt 00:00:02]} Bg7 {[%clk 00:41:18]} {[%emt 00:03:18]} 21. g3
{[%clk 00:36:52]} {[%emt 00:24:31]} Qh5 {[%clk 00:40:32]} {[%emt 00:01:16]} 22.
Ne4 {[%clk 00:34:31]} {[%emt 00:02:50]} Nxe4 {[%clk 00:31:51]} {[%emt
00:09:10]} 23. Bxe4 {[%clk 00:34:25]} {[%emt 00:00:36]} f5 {[%clk 00:29:28]}
{[%emt 00:02:52]} 24. Bb1 {[%clk 00:33:38]} {[%emt 00:01:18]} Ne7 {[%clk
00:27:10]} {[%emt 00:02:47]} 25. Rxc8 {[%clk 00:27:13]} {[%emt 00:06:56]} Rxc8
{[%clk 00:26:33]} {[%emt 00:01:06]} 26. d5 {[%clk 00:23:06]} {[%emt 00:04:38]}
Nxd5 {[%clk 00:24:19]} {[%emt 00:02:43]} 27. Bxa7 {[%clk 00:22:53]} {[%emt
00:00:44]} Ba4 {[%clk 00:17:37]} {[%emt 00:07:11]} 28. Re1 {[%clk 00:19:25]}
{[%emt 00:03:59]} Qg4 {[%clk 00:07:59]} {[%emt 00:10:06]} 29. Kh2 {[%clk
00:16:11]} {[%emt 00:03:44]} Bb5 {[%emt 00:07:19]} 30. Qxb5 {[%clk 00:10:17]}
{[%emt 00:01:33]} Qxf3 {[%clk 00:06:28]} {[%emt 00:00:03]} 31. Qd3 {[%clk
00:08:48]} {[%emt 00:02:00]} Qxd3 {[%clk 00:05:34]} {[%emt 00:01:25]} 32. Bxd3
{[%clk 00:09:15]} {[%emt 00:00:02]} Bxb2 {[%clk 00:05:08]} {[%emt 00:00:55]} 33.
Rxe6 {[%clk 00:09:16]} {[%emt 00:00:30]} Bxa3 {[%clk 00:04:56]} {[%emt
00:00:42]} 34. h5 {[%clk 00:09:22]} {[%emt 00:00:24]} Rc6 {[%clk 00:02:31]}
{[%emt 00:02:55]} 35. hxg6+ {[%clk 00:09:15]} {[%emt 00:00:38]} Kg8 {[%clk
00:02:41]} {[%emt 00:00:19]} 36. Re8+ {[%clk 00:08:14]} {[%emt 00:01:31]} Kg7
{[%emt 00:01:26]} 37. Bxf5 {[%clk 00:07:51]} {[%emt 00:00:52]} Bb2 {[%clk
00:00:48]} {[%emt 00:01:27]} 38. Bb8 {[%clk 00:05:05]} {[%emt 00:03:16]} Rf6
{[%clk 00:00:35]} {[%emt 00:00:43]} 39. g4 {[%clk 00:05:00]} {[%emt 00:00:35]}
Rf8 {[%clk 00:00:43]} {[%emt 00:00:22]} 40. Be5+ {[%clk 00:04:19]} {[%emt
00:01:12]} Bxe5+ {[%clk 00:01:11]} {[%emt 00:00:02]} 41. Rxe5 {[%clk 00:04:47]}
{[%emt 00:00:01]} Nf4 {[%clk 00:00:35]} {[%emt 00:01:05]} 42. Re7+ {[%clk
00:04:53]} {[%emt 00:00:24]} Kg8 {[%clk 00:00:39]} {[%emt 00:00:26]} 43. Kg3
{[%clk 00:04:29]} {[%emt 00:00:54]}  1-0

[Event "Hull 4NCL International"]
[Site "Hull"]
[Date "2021.10.23"]
[Round "3.8"]
[White "Thomson, Neil"]
[Black "Flynn, David"]
[Result "1-0"]
[WhiteElo "2062"]
[BlackElo "1863"]
[PlyCount "0"]
[EventDate "2021.10.22"]

1. e4 {[%clk 01:30:56]} {[%emt 00:00:02]} c5 {[%clk 01:30:59]} {[%emt
00:00:02]} 2. Nf3 {[%clk 01:31:17]} {[%emt 00:00:09]} Nc6 {[%clk 01:31:25]}
{[%emt 00:00:04]} 3. d4 {[%clk 01:31:39]} {[%emt 00:00:07]} cxd4 {[%clk
01:31:51]} {[%emt 00:00:04]} 4. Nxd4 {[%clk 01:32:03]} {[%emt 00:00:05]} g6
{[%clk 01:32:04]} {[%emt 00:00:18]} 5. c4 {[%clk 01:31:40]} {[%emt 00:00:53]}
Nf6 {[%clk 01:31:48]} {[%emt 00:00:47]} 6. Nc3 {[%clk 01:30:41]} {[%emt
00:01:28]} d6 {[%clk 01:29:43]} {[%emt 00:02:35]} 7. Be2 {[%clk 01:28:12]}
{[%emt 00:02:59]} Bg7 {[%clk 01:29:46]} {[%emt 00:00:27]} 8. Nc2 {[%clk
01:28:08]} {[%emt 00:00:33]} O-O {[%clk 01:28:59]} {[%emt 00:01:18]} 9. O-O
{[%clk 01:28:30]} {[%emt 00:00:08]} a5 {[%clk 01:21:28]} {[%emt 00:08:01]} 10.
Be3 {[%clk 01:24:15]} {[%emt 00:04:43]} Bd7 {[%clk 01:16:49]} {[%emt 00:05:11]}
11. Rc1 {[%clk 01:17:17]} {[%emt 00:07:27]} Nb4 {[%clk 01:11:32]} {[%emt
00:05:48]} 12. Na3 {[%clk 01:11:22]} {[%emt 00:06:25]} Bc6 {[%clk 01:09:12]}
{[%emt 00:02:50]} 13. f3 {[%clk 01:09:08]} {[%emt 00:02:44]} Nd7 {[%clk
01:06:26]} {[%emt 00:03:17]} 14. Qd2 {[%clk 01:07:25]} {[%emt 00:02:12]} Nc5
{[%clk 01:00:36]} {[%emt 00:06:21]} 15. Nab5 {[%clk 01:02:25]} {[%emt
00:05:29]} Qd7 {[%clk 00:51:53]} {[%emt 00:09:14]} 16. Rfd1 {[%clk 01:00:53]}
{[%emt 00:02:01]} Rad8 {[%clk 00:50:36]} {[%emt 00:01:48]} 17. Bf1 {[%clk
00:52:54]} {[%emt 00:08:29]} b6 {[%clk 00:39:27]} {[%emt 00:11:39]} 18. Qf2
{[%clk 00:46:51]} {[%emt 00:06:32]} Bb7 {[%clk 00:35:47]} {[%emt 00:04:11]} 19.
Bd4 {[%clk 00:44:02]} {[%emt 00:03:17]} Bxd4 {[%clk 00:28:49]} {[%emt
00:07:30]} 20. Rxd4 {[%clk 00:44:24]} {[%emt 00:00:08]} Kh8 {[%clk 00:20:17]}
{[%emt 00:09:03]} 21. Rd2 {[%clk 00:33:25]} {[%emt 00:11:28]} Qe6 {[%clk
00:17:57]} {[%emt 00:02:50]} 22. Re1 {[%clk 00:25:31]} {[%emt 00:08:23]} Qe5
{[%clk 00:13:52]} {[%emt 00:04:36]} 23. a3 {[%clk 00:19:44]} {[%emt 00:06:17]}
Nba6 {[%clk 00:13:09]} {[%emt 00:01:14]} 24. Nd5 {[%clk 00:16:54]} {[%emt
00:03:19]} Bxd5 {[%clk 00:13:09]} {[%emt 00:00:30]} 25. exd5 {[%clk 00:16:56]}
{[%emt 00:00:28]} Qf6 {[%clk 00:13:00]} {[%emt 00:00:39]} 26. Qd4 {[%clk
00:15:38]} {[%emt 00:01:47]} Qxd4+ {[%clk 00:13:01]} {[%emt 00:00:30]} 27. Nxd4
{[%clk 00:16:01]} {[%emt 00:00:06]} Rde8 {[%clk 00:09:37]} {[%emt 00:03:54]} 28.
Nc6 {[%clk 00:14:52]} {[%emt 00:01:39]} Nb3 {[%clk 00:04:55]} {[%emt 00:05:12]}
29. Rde2 {[%clk 00:13:32]} {[%emt 00:01:49]} e5 {[%clk 00:04:46]} {[%emt
00:00:40]} 30. dxe6 {[%clk 00:13:26]} {[%emt 00:00:36]} Rc8 {[%clk 00:05:01]}
{[%emt 00:00:14]} 31. e7 {[%clk 00:12:28]} {[%emt 00:01:29]} Rfe8 {[%clk
00:05:18]} {[%emt 00:00:13]} 32. Nd8 {[%clk 00:12:39]} {[%emt 00:00:18]} Kg7
{[%clk 00:04:44]} {[%emt 00:01:05]} 33. Nb7 {[%clk 00:12:25]} {[%emt 00:00:43]}
Rc6 {[%clk 00:04:37]} {[%emt 00:00:37]} 34. Rd1 {[%clk 00:11:45]} {[%emt
00:01:10]} Kf6 {[%clk 00:04:41]} {[%emt 00:00:27]} 35. Nxd6 {[%clk 00:10:56]}
{[%emt 00:01:18]} Rxe7 {[%clk 00:04:48]} {[%emt 00:00:24]} 36. Ne8+ {[%clk
00:11:09]} {[%emt 00:00:17]}  1-0

[Event "Hull 4NCL International"]
[Site "Hull"]
[Date "2021.10.23"]
[Round "3.9"]
[White "Bradbury, Neil H"]
[Black "Ciuravin, Andrei"]
[Result "1/2-1/2"]
[WhiteElo "2329"]
[BlackElo "2029"]
[PlyCount "0"]
[EventDate "2021.10.22"]

1. d4 {[%clk 01:27:17]} {[%emt 00:03:42]} f5 {[%clk 01:30:50]} {[%emt
00:00:11]} 2. g3 {[%clk 01:27:25]} {[%emt 00:00:22]} Nf6 {[%clk 01:31:06]}
{[%emt 00:00:13]} 3. Bg2 {[%clk 01:27:46]} {[%emt 00:00:09]} e6 {[%clk
01:31:26]} {[%emt 00:00:11]} 4. Nf3 {[%clk 01:27:48]} {[%emt 00:00:28]} d5
{[%clk 01:31:44]} {[%emt 00:00:12]} 5. c4 {[%clk 01:28:03]} {[%emt 00:00:15]}
c6 {[%clk 01:31:45]} {[%emt 00:00:29]} 6. O-O {[%clk 01:27:59]} {[%emt
00:00:33]} Bd6 {[%clk 01:32:09]} {[%emt 00:00:06]} 7. b3 {[%clk 01:26:13]}
{[%emt 00:02:16]} Qe7 {[%emt 00:01:02]} 8. Bb2 {[%emt 00:01:38]} O-O {[%clk
01:32:39]} {[%emt 00:00:10]} 9. Nbd2 {[%clk 01:24:47]} b6 {[%clk 01:31:36]}
{[%emt 00:01:41]} 10. Ne1 {[%clk 01:14:37]} Nbd7 {[%clk 01:31:32]} {[%emt
00:11:13]} 11. Nd3 {[%clk 01:15:00]} {[%emt 00:00:08]} Bb7 {[%clk 01:31:43]}
{[%emt 00:00:18]} 12. Nf3 {[%clk 01:06:55]} {[%emt 00:08:35]} Rac8 {[%clk
01:30:42]} {[%emt 00:01:30]} 13. Nfe5 {[%clk 01:02:44]} {[%emt 00:04:42]} Rfd8
{[%clk 01:30:21]} {[%emt 00:00:52]} 14. cxd5 {[%clk 01:00:42]} {[%emt
00:02:32]} exd5 {[%clk 01:30:36]} {[%emt 00:00:14]} 15. e3 {[%clk 00:58:48]}
{[%emt 00:02:24]} Ne4 {[%clk 01:27:21]} {[%emt 00:03:45]} 16. f3 {[%clk
00:49:10]} {[%emt 00:10:08]} Ng5 {[%clk 01:27:43]} {[%emt 00:00:08]} 17. Rc1
{[%clk 00:46:46]} {[%emt 00:02:55]} c5 {[%clk 01:25:38]} {[%emt 00:02:35]} 18.
Re1 {[%clk 00:46:21]} {[%emt 00:00:54]} Nf7 {[%clk 01:21:27]} {[%emt 00:04:41]}
19. Nxd7 {[%clk 00:37:57]} {[%emt 00:08:55]} Qxd7 {[%clk 01:20:48]} {[%emt
00:01:09]} 20. f4 {[%clk 00:37:27]} {[%emt 00:01:00]} Bf8 {[%clk 01:10:26]}
{[%emt 00:10:52]} 21. Ne5 {[%clk 00:34:05]} {[%emt 00:03:52]} Qe6 {[%clk
01:10:27]} {[%emt 00:00:28]} 22. h3 {[%clk 00:29:23]} {[%emt 00:05:12]} Nd6
{[%clk 01:08:35]} {[%emt 00:02:23]} 23. g4 {[%clk 00:28:48]} {[%emt 00:01:05]}
Ne4 {[%clk 01:08:49]} {[%emt 00:00:17]} 24. gxf5 {[%clk 00:27:16]} {[%emt
00:02:02]} Qxf5 {[%clk 01:08:53]} {[%emt 00:00:26]} 25. Qg4 {[%clk 00:24:51]}
{[%emt 00:02:54]} Qxg4 {[%clk 01:08:51]} {[%emt 00:00:32]} 26. hxg4 {[%clk
00:25:08]} {[%emt 00:00:13]} cxd4 {[%clk 01:07:46]} {[%emt 00:01:35]} 27. Bxe4
{[%clk 00:16:50]} {[%emt 00:08:48]} dxe4 {[%clk 01:08:09]} {[%emt 00:00:07]} 28.
Bxd4 {[%clk 00:17:14]} {[%emt 00:00:06]} Ba3 {[%clk 01:08:03]} {[%emt
00:00:36]} 29. Rcd1 {[%clk 00:10:48]} {[%emt 00:06:55]} Bb4 {[%clk 01:07:56]}
{[%emt 00:00:37]} 30. Re2 {[%clk 00:07:23]} {[%emt 00:03:55]} Ba6 {[%clk
01:08:18]} {[%emt 00:00:08]} 31. Rg2 {[%clk 00:06:56]} {[%emt 00:00:56]} Bd6
{[%clk 01:08:11]} {[%emt 00:00:37]} 32. Rdd2 {[%clk 00:06:26]} {[%emt
00:01:01]} Bxe5 {[%clk 01:08:26]} {[%emt 00:00:16]} 33. Bxe5 {[%clk 00:06:13]}
{[%emt 00:00:42]} Rxd2 {[%clk 01:08:34]} {[%emt 00:00:22]} 34. Rxd2 {[%clk
00:06:38]} {[%emt 00:00:05]} Bd3 {[%clk 01:08:58]} {[%emt 00:00:06]} 35. Kf2
{[%clk 00:06:39]} {[%emt 00:00:28]} b5 {[%clk 01:05:37]} {[%emt 00:03:52]} 36.
Bd4 {[%clk 00:05:42]} {[%emt 00:01:28]} a5 {[%clk 01:05:41]} {[%emt 00:00:26]}
37. f5 {[%clk 00:06:02]} {[%emt 00:00:09]} Rc2 {[%clk 01:04:55]} {[%emt
00:01:15]} 38. Rxc2 {[%clk 00:05:35]} {[%emt 00:00:57]} Bxc2 {[%clk 01:05:23]}
{[%emt 00:00:02]} 39. Bb6 {[%clk 00:05:55]} {[%emt 00:00:10]} a4 {[%clk
01:05:43]} {[%emt 00:00:11]} 40. bxa4 {[%clk 00:06:19]} {[%emt 00:00:05]} bxa4
{[%clk 01:06:07]} {[%emt 00:00:06]} 41. a3 {[%clk 00:06:22]} {[%emt 00:00:27]}
 1/2-1/2